000 00785 a2200205 4500
005 20260526084034.0
020 _a0683075004
050 0 0 _aRC925
_bSAL
100 1 _aSalter, Robert Bruce.
245 1 0 _aTextbook of disorders and injuries of the musculoskeletal system;
_ban introduction to orthopaedics, rheumatology, metabolic bone disease, rehabilitation and fractures.
300 _axi, 551 pages
_billustrations
336 _atext
_btxt
_2rdacontent
337 _aunmediated
_bn
_2rdamedia
338 _avolume
_bnc
_2rdacarrier
504 _aIncludes bibliographies.
650 0 _aMusculoskeletal system
_xDiseases.
650 0 _aMusculoskeletal system
_xWounds and injuries.
942 _2lcc
_cBK
_h925
_iSAL
_kRC
999 _c11887
_d11887